LEADER 01396nam--2200433---450- 001 990000736000203316 005 20121003123319.0 010 $a88-324-6820-4 035 $a0073600 035 $aUSA010073600 035 $a(ALEPH)000073600USA01 035 $a0073600 100 $a20011112d--------km-y0itay0103----ba 101 $aita 102 $aIT 105 $a||||||||001yy 200 1 $aCalcolo dei telai multipli$eun metodo semplice e rapido per il calcolo dei telai a nodi spostabili$fG. Kani 205 $a11. ed. italiana della 10. ed. tedesca$fa cura di Guido Puia 215 $aMilano$cPirola$d1986 225 2 $a87 p$v24 cm 312 $aDie Berechnung mehrstöckiger Rahmen 410 $12001 454 $12001$aDie Berechnung mehrstöckiger Rahmen$938126 606 0 $aTelai a nodi spostabili$xCalcolo 676 $a624.1773 700 1$aKANI,$bGaspar$01099 702 1$aPUIA,$bGuido 801 0$aIT$bsalbc$gISBD 912 $a990000736000203316 951 $a624.177 KAN 1 (CETERA 63)$b66547 EC$cCETERA$d00012548 959 $aBK 969 $aTEC 979 $aPATTY$b90$c20011112$lUSA01$h1646 979 $c20020403$lUSA01$h1721 979 $aPATRY$b90$c20040406$lUSA01$h1651 979 $aRSIAV2$b90$c20090204$lUSA01$h1152 979 $aALESSANDRA$b90$c20121003$lUSA01$h1233 996 $aDie Berechnung mehrstöckiger Rahmen$938126 997 $aUNISA LEADER 02109nam0 22004453i 450 001 RML0186391 005 20231121125656.0 010 $a9788854113992 100 $a20091103d2009 ||||0itac50 ba 101 | $aita 102 $ait 181 1$6z01$ai $bxxxe 182 1$6z01$an 200 1 $aRacconti di Natale$eUn canto di Natale, Le campane, Il grillo del focolare, La battaglia della vita, Il patto col fantasma$fCharles Dickens$gintroduzione di Marisa Sestito$gedizione integrale 210 $aRoma$cBiblioteca Economica Newton$d2009 215 $a370 p.$d22 cm 225 | $aBiblioteca economica Newton$i. Classici$v220 300 $aTraduzione di Emanuele Grazzi 410 0$1001RAV0242528$12001 $aBiblioteca economica Newton$i. Classici$v220 606 $aDickens, Charles <1812-1870> . Racconti di Natale$2FIR$3RMLC473124$9N 676 $a823.8$9Narrativa inglese. Periodo vittoriano, 1837-1899$v22 700 1$aDickens$b, Charles$f <1812-1870>$3CFIV000404$4070$0154882 702 1$aSestito$b, Marisa$3CFIV053569 702 1$aGrazzi$b, Emanuele$3CFIV107269$4730 790 1$aDikkens$b, ?arl?z$3BVEV032026$zDickens, Charles <1812-1870> 790 1$aRedforth$b, Robin$3CFIV154240$zDickens, Charles <1812-1870> 790 1$aDikens$b, Çarls$3CFIV226724$zDickens, Charles <1812-1870> 790 0$aBoz$3NAPV106846$zDickens, Charles <1812-1870> 790 1$aDickens$b, Charles John Huffam$3SBNV036035$zDickens, Charles <1812-1870> 790 1$aDickens$b, Charles J. H.$3USMV623569$zDickens, Charles <1812-1870> 790 1$aDickens$b, Carlo$3VIAV126956$zDickens, Charles <1812-1870> 801 3$aIT$bIT-01$c20091103 850 $aIT-RM028 $aIT-FR0017 899 $aBiblioteca Universitaria Alessandrina$bRM028 899 $aBiblioteca umanistica Giorgio Aprea$bFR0017 $eN 912 $aRML0186391 950 0$aBiblioteca umanistica Giorgio Aprea$d 52DGA LS 96$e 52SBA0000278995 VMB RS $fA $h20220615$i20220615 977 $a 01$a 52 996 $aRacconti di Natale$9291247 997 $aUNICAS